El invierno

Guardado en:
Detalles Bibliográficos
Autor principal: Fenoy Gil, Nieves
Formato: Desconocido
Lenguaje:español
Publicado: Madrid Bruño 1990
Catálogo:MANES:  Resultados de Búsqueda del Catálogo
Clasificación de libros de texto:
Colección:La casa de papel; 4
Etiquetas: Agregar Etiqueta
Sin Etiquetas, Sea el primero en etiquetar este registro!
Añadido a:2016-04-26

MARC

LEADER 000000000a22000000004500
001 05066
003 OSt
008 160427s sp ||||| |||| 00| 0 spa d
040 |c centro_manes 
041 1 |a spa 
691 7 |a PRI 
100 1 |a Fenoy Gil, Nieves  |9 1289 
245 0 0 |a El invierno 
260 3 |a Madrid  |b Bruño  |c 1990 
300 |a 31 p.  |c 26x19 cm 
440 |a La casa de papel; 4  |9 1290 
500 |a Fecha de publicación tomada del Depósito Legal 
690 7 |a CN 
942 |2 ddc  |c BK 
546 |a España 
999 |c 11040  |d 11040 
999 |c manes:11040  |d 11040